000 00619nam a2200241 a 4500
001 nice12345678
003 IN_TiNIC
005 20260116012257.0
008 050524s1984 lona grp 000 0 eng
020 _a0835676
_c365.7
082 0 0 _a291.211
_bSCH1
100 _aSchuon, Frithjof
245 _aTranscendent Unity of Religions.
260 _aLondon
_bTheosophical Publishing House
_c1984
300 _a173p
500 _aincludes index and biblioraphy
505 2 _aIndex
650 _aComparative Religion-God
700 1 _aSchuon, Frithjof
902 _bSRS
942 _cBK
999 _c6357
_d6357